Detalles MARC
| 000 -CABECERA |
| campo de control de longitud fija |
01155nam a2200229 a 4500 |
| 001 - NÚMERO DE CONTROL |
| campo de control |
000043739 |
| 005 - FECHA Y HORA DE LA ÚLTIMA TRANSACCIÓN |
| campo de control |
20201002044938.0 |
| 008 - DATOS DE LONGITUD FIJA--INFORMACIÓN GENERAL |
| campo de control de longitud fija |
140409s2014 dr 000 0 spa d |
| 020 ## - NÚMERO INTERNACIONAL ESTÁNDAR DEL LIBRO |
| Número Internacional Estándar del Libro |
9789945080278 |
| 040 ## - FUENTE DE LA CATALOGACIÓN |
| Centro catalogador/agencia de origen |
DO-SdBNP |
| Lengua de catalogación |
spa |
| Centro/agencia transcriptor |
BNPHU |
| 082 ## - NÚMERO DE LA CLASIFICACIÓN DECIMAL DEWEY |
| Número de clasificación |
xxxx |
| Número de documento/Ítem |
xxxx |
| 100 1# - ENTRADA PRINCIPAL--NOMBRE DE PERSONA |
| Nombre de persona |
Concepción Acosta, Franklin E. |
| 9 (RLIN) |
71563 |
| 245 13 - MENCIÓN DE TÍTULO |
| Título |
El Precedente Constitucional en la República Dominicana : |
| Resto del título |
compilación de las sentencias del tribunal constitucional dominicano y precedentes comentados / |
| Mención de responsabilidad, etc. |
Franklin E. Concepción Acosta ; prólogo Francisco Antonio Ortega Polanco ; presentación Julio José Rojas Báez ; edición Jennifer Sepúlveda Molina. |
| 260 ## - PUBLICACIÓN, DISTRIBUCIÓN, ETC. |
| Lugar de publicación, distribución, etc. |
Santo Domingo : |
| Nombre del editor, distribuidor, etc. |
CENDUD, |
| -- |
Soto Castillo, |
| Fecha de publicación, distribución, etc. |
2014. |
| 300 ## - DESCRIPCIÓN FÍSICA |
| Extensión |
461 p. ; |
| Dimensiones |
23 cm. |
| 500 ## - NOTA GENERAL |
| Nota general |
Incluye referencias bibliográficas y notas al pie de las páginas |
| 500 ## - NOTA GENERAL |
| Nota general |
Incluye datos biográficos del autor en las solapas |
| 504 ## - NOTA DE BIBLIOGRAFÍA, ETC. |
| Nota de bibliografía, etc. |
Bibliografía : p. 455-461 |
| 700 12 - PUNTO DE ACCESO ADICIONAL--NOMBRE DE PERSONA |
| Nombre de persona |
Sepúlveda Molina, Jennifer |
| Término indicativo de función/relación |
ed. |
| 9 (RLIN) |
71564 |
| 700 12 - PUNTO DE ACCESO ADICIONAL--NOMBRE DE PERSONA |
| Nombre de persona |
Ortega Polanco, Francisco Antonio |
| Término indicativo de función/relación |
pról. |
| 9 (RLIN) |
71565 |
| 710 22 - PUNTO DE ACCESO ADICIONAL--NOMBRE DE ENTIDAD CORPORATIVA |
| Nombre de entidad corporativa o nombre de jurisdicción como elemento de entrada |
Centro de Documentación e Información Judicial Dominicano (República Dominicana) |
| 9 (RLIN) |
71566 |